000 00520nam a22001577a 4500
003 MPLRDC
005 20220104144456.0
008 210129b ||||| |||| 00| 0 eng d
082 _a051.4 K1KC v.11 1967 c.2
100 _a坤成女中第十一届高中毕业刊筹备委员会
245 _a雪兰莪坤成女中高中第十一届毕业特刊
_c
260 _a
_b坤成女中第十一届高中毕业刊筹备委员会
_c1967
300 _b
650 _a学术纪要、学刊
942 _cBK
_o051.4 K1KC v.11 1967 c.2
999 _c49967
_d49957